<?xml version="1.0" encoding="UTF-8"?>
<record
    xmlns:xsi="http://www.w3.org/2001/XMLSchema-instance"
    xsi:schemaLocation="http://www.loc.gov/MARC21/slim http://www.loc.gov/standards/marcxml/schema/MARC21slim.xsd"
    xmlns="http://www.loc.gov/MARC21/slim">

  <leader>02842nam a2200421uu 4500</leader>
  <controlfield tag="001">1358589</controlfield>
  <controlfield tag="005">20260508084908.0</controlfield>
  <controlfield tag="007">co|||||||</controlfield>
  <controlfield tag="008">140207s2013                        spa  </controlfield>
  <datafield tag="020" ind1=" " ind2=" ">
    <subfield code="a">9789588399614</subfield>
  </datafield>
  <datafield tag="035" ind1=" " ind2=" ">
    <subfield code="a">1358589</subfield>
  </datafield>
  <datafield tag="040" ind1=" " ind2=" ">
    <subfield code="c">comduadb</subfield>
  </datafield>
  <datafield tag="041" ind1=" " ind2=" ">
    <subfield code="a">spa</subfield>
  </datafield>
  <datafield tag="082" ind1=" " ind2="4">
    <subfield code="a">362</subfield>
  </datafield>
  <datafield tag="100" ind1="1" ind2="0">
    <subfield code="a">Casta&#xF1;o P&#xE9;rez, Guillermo Alonso</subfield>
    <subfield code="4">aut</subfield>
    <subfield code="e">aut</subfield>
    <subfield code="9">414754</subfield>
  </datafield>
  <datafield tag="245" ind1="1" ind2="0">
    <subfield code="a">Adolescencia, sexo y consumo de drogas : una gu&#xED;a para la prevenci&#xF3;n</subfield>
  </datafield>
  <datafield tag="260" ind1=" " ind2=" ">
    <subfield code="a">Medell&#xED;n :</subfield>
    <subfield code="b">Fundaci&#xF3;n Universitaria Luis Amig&#xF3; (FUNLAM),</subfield>
    <subfield code="c">2013.</subfield>
  </datafield>
  <datafield tag="300" ind1=" " ind2=" ">
    <subfield code="a">CD-ROM</subfield>
  </datafield>
  <datafield tag="505" ind1=" " ind2=" ">
    <subfield code="a">CONTENIDO : Introducci&#xF3;n. -- Consumo de drogas y pr&#xE1;cticas sexuales en adolescentes entre los 14 y 17 a&#xF1;os de colegios p&#xFA;blicos y privados de la ciudad de Medell&#xED;n. Investigaci&#xF3;n. -- Al encuentro de una sexualidad gratifi cante y responsable. Manual de prevenci&#xF3;n. -- Ap&#xE9;ndices. -- Referencias.</subfield>
  </datafield>
  <datafield tag="520" ind1="3" ind2=" ">
    <subfield code="a">Los efectos de las diferentes drogas sobre el deseo y el acto sexual han sido estudiados a fondo por varios autores y desde hace d&#xE9;cadas. El alcohol es la sustancia m&#xE1;s consumida y que m&#xE1;s influye en la conducta sexual, siendo usada para reforzar la confianza y rebajar las inhibiciones. La marihuana ha sido utilizada para facilitar el inicio, desinhibirse y aumentar la excitaci&#xF3;n; la coca&#xED;na y el Popper, para la b&#xFA;squeda de mayor placer y prolongar la relaci&#xF3;n; y la hero&#xED;na, para evitar la eyaculaci&#xF3;n precoz. El &#xE9;xtasis fu modificado en las d&#xE9;cadas del 80 y 90 del siglo pasado como la droga del amor y fue muy usada en las pr&#xE1;cticas sexuales. Este texto dar&#xE1; cuenta de las practicas sexuales bajo el efecto de alcohol o drogas y los comportamientos de riesgo, de los adolescentes de la ciudad de Medell&#xED;n, brindando adem&#xE1;s una serie de herramientas para prevenir dichas conductas.</subfield>
  </datafield>
  <datafield tag="650" ind1=" " ind2=" ">
    <subfield code="a">Sexualidad del adolescente</subfield>
    <subfield code="9">1585</subfield>
  </datafield>
  <datafield tag="650" ind1=" " ind2=" ">
    <subfield code="a">Drogadicci&#xF3;n en j&#xF3;venes</subfield>
    <subfield code="9">15596</subfield>
  </datafield>
  <datafield tag="650" ind1=" " ind2=" ">
    <subfield code="a">Consumo de drogas</subfield>
    <subfield code="9">15467</subfield>
  </datafield>
  <datafield tag="650" ind1=" " ind2="7">
    <subfield code="a">Sexualidad</subfield>
    <subfield code="x">Aspectos sociales</subfield>
    <subfield code="2">embne</subfield>
    <subfield code="9">56890</subfield>
  </datafield>
  <datafield tag="650" ind1=" " ind2=" ">
    <subfield code="a">Abuso de drogas - Investigaciones</subfield>
    <subfield code="9">185140</subfield>
  </datafield>
  <datafield tag="650" ind1=" " ind2=" ">
    <subfield code="a">Abuso de drogas - Investigaciones - Medell&#xED;n (Antioquia, Colombia)</subfield>
    <subfield code="9">209511</subfield>
  </datafield>
  <datafield tag="650" ind1=" " ind2="7">
    <subfield code="a">Identidad (Psicolog&#xED;a)</subfield>
    <subfield code="2">lemb</subfield>
    <subfield code="9">72613</subfield>
  </datafield>
  <datafield tag="650" ind1=" " ind2=" ">
    <subfield code="a">Instituciones educativas - Medell&#xED;n (Antioquia, Colombia)</subfield>
    <subfield code="9">78685</subfield>
  </datafield>
  <datafield tag="650" ind1=" " ind2=" ">
    <subfield code="a">Drogadicci&#xF3;n - Prevenci&#xF3;n y control</subfield>
    <subfield code="9">2584</subfield>
  </datafield>
  <datafield tag="650" ind1=" " ind2="7">
    <subfield code="a">J&#xF3;venes</subfield>
    <subfield code="x">Consumo de drogas</subfield>
    <subfield code="2">lemb</subfield>
    <subfield code="9">204924</subfield>
  </datafield>
  <datafield tag="700" ind1="1" ind2="0">
    <subfield code="a">Morales Mesa, Santiago Alberto</subfield>
    <subfield code="c">(Docente-investigador)</subfield>
    <subfield code="4">aut</subfield>
    <subfield code="e">aut</subfield>
    <subfield code="9">265573</subfield>
  </datafield>
  <datafield tag="700" ind1="1" ind2="0">
    <subfield code="a">Montoya Montoya, Maria Carolina</subfield>
    <subfield code="4">aut</subfield>
    <subfield code="e">aut</subfield>
    <subfield code="9">254082</subfield>
  </datafield>
  <datafield tag="700" ind1="1" ind2="0">
    <subfield code="a">Rodr&#xED;guez Bustamante, Alexander</subfield>
    <subfield code="4">aut</subfield>
    <subfield code="e">aut</subfield>
    <subfield code="9">702733</subfield>
  </datafield>
  <datafield tag="700" ind1="1" ind2="0">
    <subfield code="a">Arango Tob&#xF3;n, Olber Eduardo</subfield>
    <subfield code="4">aut</subfield>
    <subfield code="e">aut</subfield>
    <subfield code="9">717418</subfield>
  </datafield>
  <datafield tag="700" ind1="1" ind2="0">
    <subfield code="a">Valencia Mar&#xED;n, Kelly Yurani</subfield>
    <subfield code="4">ill</subfield>
    <subfield code="e">ill</subfield>
    <subfield code="9">698922</subfield>
  </datafield>
  <datafield tag="700" ind1="1" ind2="0">
    <subfield code="a">Mej&#xED;a Buitrago, David Alejandro</subfield>
    <subfield code="4">ill</subfield>
    <subfield code="e">ill</subfield>
    <subfield code="9">698923</subfield>
  </datafield>
  <datafield tag="942" ind1=" " ind2=" ">
    <subfield code="c">BOOK</subfield>
  </datafield>
  <datafield tag="999" ind1=" " ind2=" ">
    <subfield code="c">680397</subfield>
    <subfield code="d">680397</subfield>
  </datafield>
  <datafield tag="952" ind1=" " ind2=" ">
    <subfield code="0">0</subfield>
    <subfield code="1">0</subfield>
    <subfield code="4">0</subfield>
    <subfield code="7">0</subfield>
    <subfield code="8">DIGITALBC</subfield>
    <subfield code="a">BC</subfield>
    <subfield code="b">BC</subfield>
    <subfield code="d">2014-02-07</subfield>
    <subfield code="e">Material adquirido por canje</subfield>
    <subfield code="i">C1197062</subfield>
    <subfield code="l">0</subfield>
    <subfield code="o">362.29 C346a CD-ROM</subfield>
    <subfield code="p">0984816</subfield>
    <subfield code="r">2023-05-02 00:00:00</subfield>
    <subfield code="t">1</subfield>
    <subfield code="w">2023-05-02</subfield>
    <subfield code="y">DIGITAL</subfield>
  </datafield>
  <datafield tag="952" ind1=" " ind2=" ">
    <subfield code="0">0</subfield>
    <subfield code="1">0</subfield>
    <subfield code="4">0</subfield>
    <subfield code="7">0</subfield>
    <subfield code="8">DIGITALBC</subfield>
    <subfield code="a">BC</subfield>
    <subfield code="b">BC</subfield>
    <subfield code="d">2019-09-25</subfield>
    <subfield code="e">Material adquirido por donaci&#xF3;n</subfield>
    <subfield code="g">20000.00</subfield>
    <subfield code="i">C1321033</subfield>
    <subfield code="l">0</subfield>
    <subfield code="o">362.29 C346a CD-ROM e2</subfield>
    <subfield code="p">01069009</subfield>
    <subfield code="r">2023-05-02 00:00:00</subfield>
    <subfield code="t">2</subfield>
    <subfield code="w">2023-05-02</subfield>
    <subfield code="y">DIGITAL</subfield>
  </datafield>
</record>
